España en tiempo de Felipe II (1556-1598) /

Saved in:
Bibliographic Details
Main Author: Fernández de Retana, Luis
Format: Book
Language:Spanish
Published: Madrid : Espasa-Calpe, 1966, c1958.
Edition:2a ed.
Series:Historia de España (Espasa-Calpe) ; t. 19.
Subjects:
LEADER 01392nam a2200313 a 4500
001 c000192734
003 CARM
005 20021125001600.0
008 840213c19661958sp abce b 00110 spa d
019 1 |a 3050313  |5 LACONCORD2021 
035 |a (OCoLC)5062377  |5 LACONCORD2021 
040 |a NUN  |c NUN 
043 |a e-sp--- 
082 1 |a 946/.04  |2 19 
100 2 |a Fernández de Retana, Luis. 
245 1 0 |a España en tiempo de Felipe II (1556-1598) /  |c por el P. Luis Fernández y Fernández de Retana ; prólogo por Cayetano Alcázar Molina. 
250 |a 2a ed. 
260 |a Madrid :  |b Espasa-Calpe,  |c 1966, c1958. 
300 |a 2 v., [48] leaves of plates :  |b ill. (some col.), facsims., maps, plans, ports. ;  |c 28 cm. 
490 1 |a Historia de España ;  |v t. 19 
504 |a Includes bibliographical references and indexes. 
600 0 0 |a Philip  |b II,  |c King of Spain,  |d 1527-1598. 
651 0 |a Spain  |x History  |y Philip II, 1556-1598. 
830 0 |a Historia de España (Espasa-Calpe) ;  |v t. 19. 
852 8 |b CARM  |h A2:AE22H0  |i F00770  |p 0290878  |f BK 
852 8 |b CARM  |h A2:AD26H0  |i F00768  |p 0290882  |f BK 
999 f f |i 60b0508d-bcbf-58da-8591-6b136cfddd76  |s 70a5bb3b-a8fc-54e8-a5c1-3b052b7c66a2 
952 f f |p Can circulate  |a CAVAL  |b CAVAL  |c CAVAL  |d CARM 1 Store  |e F00768  |f A2:AD26H0  |h Other scheme  |i book  |m 0290882 
952 f f |p Can circulate  |a CAVAL  |b CAVAL  |c CAVAL  |d CARM 1 Store  |e F00770  |f A2:AE22H0  |h Other scheme  |i book  |m 0290878